The Silmarillion Quiz - Statistics

General Stats
  • This quiz has been taken 246 times
  • The average score is 11 of 17
Answer Stats
Hint Answer % Correct
Lover of Luthien Beren
96%
The Vala which sowed discord during the Song of Iluvatar Melkor
88%
Brother of Elrond, founder of Numenor Elros
87%
Who is also known as... Morgoth
87%
Lord of the Balrogs Gothmog
86%
Wife of Thingol, created the Girdle of Doriath Melian
82%
What race was twisted by Morgoth to created the orcs? Elves
80%
The first dragon Glaurung
79%
His real name Turin
79%
One of the last of the petty-dwarves, who met Turin Turambar in Amon Rudh Mim
62%
Slayer of the previous answer Ecthelion
56%
Silver tree of Valinor Telperion
50%
Golden tree of Valinor Laurelin
45%
The one who killed the previous answer in Nargothrond Hurin
41%
The sword which he carried Gurthang
27%
The Black Sword (man) Mormegil
22%
The name of Numenor after its downfall Akallabeth
21%
No matching quizzes found
Score Distribution
Percent of People with Each Score
Percentile by Number Answered
Your Score History
You have not taken this quiz